ชีวประวัตินายกรัฐมนตรีไทยตั้งแต่ พ.ศ.2475-2529 (ระเบียนเลขที่ 51249)
| 000 -LEADER | |
|---|---|
| fixed length control field | 00706nam a22001817a 4500 |
| 005 - DATE AND TIME OF LATEST TRANSACTION | |
| control field | 20240724233234.0 |
| 008 - FIXED-LENGTH DATA ELEMENTS--GENERAL INFORMATION | |
| fixed length control field | s2529 th tha d |
| 040 ## - CATALOGING SOURCE | |
| Original cataloging agency | NALT |
| 041 ## - LANGUAGE CODE | |
| Language code of text/sound track or separate title | tha |
| 050 ## - LIBRARY OF CONGRESS CALL NUMBER | |
| Classification number | DS578.3 |
| Item number | น217ช 2529 |
| 245 10 - TITLE STATEMENT | |
| Title | ชีวประวัตินายกรัฐมนตรีไทยตั้งแต่ พ.ศ.2475-2529 |
| 260 ## - PUBLICATION, DISTRIBUTION, ETC. | |
| Place of publication, distribution, etc. | กรุงเทพฯ : |
| Name of publisher, distributor, etc. | ศูนย์วิจัย คณะรัฐศาสตร์ มหาวิทยาลัยธรรมศาสตร์, |
| Date of publication, distribution, etc. | 2529. |
| 300 ## - PHYSICAL DESCRIPTION | |
| Extent | 359 หน้า ; |
| Dimensions | 28 ซม. |
| 700 0# - ADDED ENTRY--PERSONAL NAME | |
| Personal name | สุรชัย ศิริไกร |
| 850 ## - HOLDING INSTITUTION | |
| Holding institution | NALT |
| 942 ## - ADDED ENTRY ELEMENTS (KOHA) | |
| Koha item type | Research/Thesis |
| Source of classification or shelving scheme | Library of Congress Classification |
| Withdrawn status | Lost status | Damaged status | Not for loan | Collection code | Home library | Current library | Total Checkouts | Full call number | Barcode | Date last seen | Price effective from | Koha item type |
|---|---|---|---|---|---|---|---|---|---|---|---|---|
| Research & Theses collection | National Assembly Library of Thailand | National Assembly Library of Thailand | ว DS578.3 น217ช 2529 | 3961108295 | 09/06/2017 | 09/06/2017 | Research/Thesis |
